[Event "Kandidatklassen 1994"]
[Site "Aalborg"]
[Date "1994.03.29"]
[Round "1"]
[White "Andersen, Jackie"]
[Black "Sorensen, Torben N"]
[Result "1/2-1/2"]
[WhiteElo "2326"]
[BlackElo "2265"]
[PlyCount "83"]
[EventDate "1994.??.??"]

1. d4 d5 2. c4 e6 3. Nc3 c6 4. Nf3 Nd7 5. cxd5 exd5 6. Qc2 Be7 7. Bf4 Ngf6 8.
e3 O-O 9. Bd3 Re8 10. O-O Nf8 11. Rab1 Nh5 12. Be5 Bg4 13. b4 a6 14. a4 f6 15.
Bg3 Nxg3 16. hxg3 Bd6 17. b5 axb5 18. axb5 Qe7 19. bxc6 bxc6 20. Ne2 Ra3 21.
Rfc1 Rc8 22. Bf5 Bxf5 23. Qxf5 Qe6 24. Qxe6+ Nxe6 25. Nf4 Bxf4 26. gxf4 Ra7 27.
Rb6 Nd8 28. Nd2 Rca8 29. Nb3 Ra6 30. Rxa6 Rxa6 31. Nc5 Ra8 32. Rb1 Kf7 33. Nb7
Ke7 34. Nxd8 Rxd8 35. Rb6 Kd6 36. Rb7 Rd7 37. Rb8 Rc7 38. Rh8 h6 39. Kf1 c5 40.
Rd8+ Rd7 41. dxc5+ Kc6 42. Rc8+ 1/2-1/2

[Event "Kandidatklassen 1994"]
[Site "Aalborg"]
[Date "1994.03.29"]
[Round "1"]
[White "Bank, Pelle Rodkjaer"]
[Black "Hjorth, Torben"]
[Result "1-0"]
[WhiteElo "2274"]
[BlackElo "2222"]
[PlyCount "77"]
[EventDate "1994.??.??"]

1. e4 e5 2. Nc3 Nf6 3. Nf3 Nc6 4. d4 exd4 5. Nxd4 Bc5 6. Be3 Bb6 7. Nxc6 dxc6
8. Qxd8+ Kxd8 9. O-O-O+ Ke8 10. Bxb6 cxb6 11. h3 Ke7 12. Be2 Be6 13. f4 Rad8
14. Bf3 Rxd1+ 15. Rxd1 Rd8 16. Rxd8 Kxd8 17. b3 g5 18. fxg5 Nd7 19. Kd2 Ke7 20.
Ke3 Kd6 21. Ne2 a5 22. Nf4 a4 23. Nxe6 fxe6 24. bxa4 Ke5 25. h4 Nf8 26. h5 h6
27. gxh6 Nh7 28. Be2 Ng5 29. c4 c5 30. Bd3 Nh7 31. Bc2 Ng5 32. g4 Nh7 33. a5
bxa5 34. Ba4 Kf6 35. e5+ Kg5 36. Bc2 Kxh6 37. Bxh7 Kxh7 38. g5 a4 39. Kd3 1-0

[Event "Kandidatklassen 1994"]
[Site "Aalborg"]
[Date "1994.03.29"]
[Round "1"]
[White "Buch, Carsten"]
[Black "Pedersen, Henrik Bolding"]
[Result "1-0"]
[WhiteElo "2260"]
[BlackElo "2182"]
[PlyCount "69"]
[EventDate "1994.??.??"]

1. c4 e6 2. Nf3 Nf6 3. g3 d5 4. Bg2 Be7 5. O-O O-O 6. b3 c5 7. d3 Nc6 8. Bb2 d4
9. Na3 e5 10. e3 h6 11. Nc2 Be6 12. exd4 exd4 13. b4 Bg4 14. h3 Bxf3 15. Bxf3
cxb4 16. Bxc6 bxc6 17. Nxd4 Qd7 18. Qf3 Rac8 19. Nf5 Kh7 20. Rfe1 Bd8 21. Kh2
c5 22. a3 a5 23. axb4 cxb4 24. Bxf6 Bxf6 25. Rxa5 Bc3 26. Re7 Qc6 27. Qxc6 Rxc6
28. Rb5 Rd8 29. Rxf7 Rxd3 30. Rbb7 Rxc4 31. Nxg7 Kg6 32. Ne6 Bd2 33. Nf8+ Kh5
34. Rb5+ Bg5 35. g4+ 1-0

[Event "Kandidatklassen 1994"]
[Site "Aalborg"]
[Date "1994.03.29"]
[Round "1"]
[White "Hansen, Lars"]
[Black "Molvig, Henrik"]
[Result "0-1"]
[WhiteElo "2199"]
[BlackElo "2201"]
[PlyCount "98"]
[EventDate "1994.??.??"]

1. e4 c6 2. d4 d5 3. Nc3 dxe4 4. Nxe4 Bf5 5. Ng3 Bg6 6. h4 h6 7. Nh3 e6 8. Nf4
Bh7 9. Bc4 Nf6 10. Qe2 Bd6 11. Nfh5 O-O 12. c3 Nbd7 13. Bg5 hxg5 14. hxg5 Nd5
15. Qg4 Re8 16. Nxg7 Kxg7 17. Qh5 Kf8 18. Qxh7 Bxg3 19. Qh6+ Ke7 20. g6 Rh8 21.
Qg5+ f6 22. Rxh8 fxg5 23. Rxd8 Rxd8 24. fxg3 Kf6 25. Bd3 Ne7 26. O-O-O Nxg6 27.
Rf1+ Kg7 28. Bc4 Rf8 29. Re1 e5 30. Be6 Nb6 31. dxe5 Re8 32. Bb3 Rxe5 33. Rf1
Nd5 34. Rd1 Nge7 35. c4 Nb6 36. Rd8 Rc5 37. Kd2 a5 38. Kd3 a4 39. Kd4 Rf5 40.
Bd1 c5+ 41. Kc3 Nc6 42. Rd2 Re5 43. Bf3 Re3+ 44. Rd3 Rxd3+ 45. Kxd3 Nb4+ 46.
Ke4 Nxc4 47. Kf5 Nxa2 48. Kxg5 Nxb2 49. Bxb7 Nc3 0-1

[Event "Kandidatklassen 1994"]
[Site "Aalborg"]
[Date "1994.03.29"]
[Round "1"]
[White "Jensen, Jacob Bjerre"]
[Black "Aagaard, Jacob"]
[Result "0-1"]
[WhiteElo "2184"]
[BlackElo "2275"]
[PlyCount "92"]
[EventDate "1994.??.??"]

1. d4 Nf6 2. Nf3 e6 3. e3 c5 4. Bd3 b6 5. Qe2 Bb7 6. Nbd2 d5 7. c3 Nbd7 8. O-O
Be7 9. e4 dxe4 10. Nxe4 O-O 11. Nxf6+ Bxf6 12. Be4 Bxe4 13. Qxe4 cxd4 14. cxd4
Be7 15. Rd1 Nf6 16. Qb7 Nd5 17. Be3 Qc8 18. Qxc8 Rfxc8 19. Rac1 Bf6 20. a3 Kf8
21. Ng5 Bxg5 22. Bxg5 Ke8 23. Kf1 Kd7 24. Ke2 Kd6 25. Kd3 a6 26. Bd2 f6 27. g3
Rab8 28. b3 Rxc1 29. Rxc1 Kd7 30. Rc4 Ra8 31. Ke4 g5 32. f4 f5+ 33. Ke5 g4 34.
Rc1 h5 35. Rh1 Rh8 36. h4 gxh3 37. Rxh3 Rh6 38. Rh1 Nf6 39. d5 Nxd5 40. g4 Ne7
41. gxf5 Nxf5 42. Rh3 Ke7 43. Bb4+ Kf7 44. Be1 Rg6 45. Rxh5 Rg2 46. Rh7+ Kg6
0-1

[Event "Kandidatklassen 1994"]
[Site "Aalborg"]
[Date "1994.03.29"]
[Round "1"]
[White "Jepsen, Thomas Stausholm"]
[Black "Andersen, Frank"]
[Result "1/2-1/2"]
[WhiteElo "2201"]
[BlackElo "2167"]
[PlyCount "89"]
[EventDate "1994.??.??"]

1. c4 g6 2. Nc3 Bg7 3. Nf3 d6 4. g3 Nf6 5. Bg2 O-O 6. O-O e5 7. d3 Nc6 8. Rb1
a5 9. a3 Re8 10. b4 axb4 11. axb4 e4 12. dxe4 Nxe4 13. Nxe4 Rxe4 14. Nd2 Re8
15. Bb2 Bxb2 16. Rxb2 Qf6 17. Rb1 Bf5 18. b5 Bxb1 19. bxc6 Bf5 20. cxb7 Ra6 21.
Qb3 Rb8 22. Qb5 Rb6 23. Qa5 Qd8 24. c5 dxc5 25. Nc4 R6xb7 26. Bxb7 Rxb7 27.
Qxc5 Qb8 28. Rc1 Rb1 29. Nd2 Rxc1+ 30. Qxc1 Qb4 31. Kg2 c5 32. f3 Kf8 33. g4
Be6 34. Ne4 c4 35. Nc3 Ke8 36. Qd2 Qa5 37. Kf2 h5 38. h3 Qe5 39. Ke1 Qg3+ 40.
Kd1 Qxh3 41. Qd6 Qh4 42. Nb5 Qe7 43. Nc7+ Kf8 44. Nxe6+ fxe6 45. Qf4+ 1/2-1/2

[Event "Kandidatklassen 1994"]
[Site "Aalborg"]
[Date "1994.03.29"]
[Round "1"]
[White "Johansen, Morten"]
[Black "Borbjerggaard, Lars"]
[Result "1-0"]
[WhiteElo "2160"]
[BlackElo "2290"]
[PlyCount "91"]
[EventDate "1994.??.??"]

1. d4 d5 2. c4 e6 3. Nf3 Nf6 4. e3 c6 5. Nbd2 Bd6 6. b3 Nbd7 7. Bb2 O-O 8. Bd3
Qc7 9. O-O e5 10. c5 Be7 11. Nxe5 Nxe5 12. dxe5 Ng4 13. Qc2 Nxe5 14. Bxh7+ Kh8
15. Bf5 Bf6 16. Bxc8 Raxc8 17. f4 Ng4 18. Bxf6 Nxf6 19. e4 dxe4 20. Nxe4 Nxe4
21. Qxe4 Rfe8 22. Qf5 Kg8 23. Rf3 Qe7 24. Rh3 g6 25. Qc2 Qf6 26. Rf1 Qd4+ 27.
Kh1 Re4 28. Rhf3 Rce8 29. Qf2 Qf6 30. f5 g5 31. h3 Re2 32. Qg3 Kh7 33. Rd3 Rxa2
34. Qg4 Ra1 35. Qh5+ Kg7 36. Rxa1 Qxa1+ 37. Kh2 Qe5+ 38. Rg3 f6 39. Qg6+ Kf8
40. h4 Qd4 41. Qh6+ Kf7 42. hxg5 Re4 43. Qg6+ Ke7 44. gxf6+ Kd8 45. Qg8+ Re8
46. f7 1-0

[Event "Kandidatklassen 1994"]
[Site "Aalborg"]
[Date "1994.03.29"]
[Round "1"]
[White "Kjeldsen, Jens"]
[Black "Wilton, Lars"]
[Result "1-0"]
[WhiteElo "2371"]
[BlackElo "2208"]
[PlyCount "120"]
[EventDate "1994.??.??"]

1. d4 d5 2. c4 e6 3. Nc3 c5 4. e3 Nc6 5. Nf3 Nf6 6. a3 cxd4 7. exd4 Be7 8. Bd3
dxc4 9. Bxc4 O-O 10. O-O a6 11. Ba2 b5 12. Qd3 Bb7 13. Rd1 Na5 14. Ne5 Rc8 15.
Bd2 Nc4 16. Nxc4 bxc4 17. Bxc4 Bd6 18. h3 Qb6 19. Ba2 Bb8 20. Rac1 Rfd8 21. Na4
Rxc1 22. Rxc1 Qxd4 23. Qxd4 Rxd4 24. Nc5 Rxd2 25. Nxb7 g6 26. Rc8+ Kg7 27. Rxb8
Rxb2 28. Bc4 Nd7 29. Ra8 Nb6 30. Rxa6 Nxc4 31. Ra7 Ne5 32. Nd6 g5 33. Ra5 f6
34. Ra7+ Kg6 35. Ne8 h5 36. a4 Rb1+ 37. Kh2 Rb2 38. a5 Rxf2 39. a6 Ra2 40. Rg7+
Kh6 41. a7 Nc6 42. Rf7 f5 43. Rf6+ Kh7 44. Rxe6 Nxa7 45. Nf6+ Kg7 46. Nxh5+ Kh7
47. Ng3 Ra5 48. Ne2 Kg7 49. Nd4 Kf7 50. Rd6 Nc8 51. Rc6 Ne7 52. Rc7 Re5 53. Nf3
Re2 54. Nxg5+ Kf6 55. Nf3 f4 56. Rc4 Ng6 57. h4 Re8 58. Kh3 Rh8 59. Rc6+ Ke7
60. Kg4 Rg8 1-0

[Event "Kandidatklassen 1994"]
[Site "Aalborg"]
[Date "1994.03.29"]
[Round "1"]
[White "Nordenbaek, Jan"]
[Black "Pedersen, Daniel Vesterbaek"]
[Result "0-1"]
[WhiteElo "2227"]
[BlackElo "2253"]
[PlyCount "68"]
[EventDate "1994.??.??"]

1. e4 e5 2. Nf3 Nc6 3. Bc4 Nf6 4. Ng5 d5 5. exd5 Nd4 6. c3 b5 7. Bf1 Nxd5 8.
Ne4 Qh4 9. Ng3 Bg4 10. f3 e4 11. cxd4 Bd6 12. Bxb5+ Kd8 13. O-O exf3 14. Rxf3
Rb8 15. a4 a6 16. Bxa6 Re8 17. Nc3 Bxf3 18. Qxf3 Qxd4+ 19. Qf2 Re1+ 20. Bf1 Bc5
21. Qxd4 Bxd4+ 22. Kh1 Nb4 23. Nce2 Bf2 24. d4 Kc8 25. h4 Nd3 26. Kh2 Bxg3+ 27.
Nxg3 Rxc1 28. Ra3 Nxb2 29. Rf3 f6 30. Nh5 Nxa4 31. Nxg7 Rb6 32. Bd3 h6 33. Nf5
Nb2 34. Be4 Nc4 0-1

[Event "Kandidatklassen 1994"]
[Site "Aalborg"]
[Date "1994.03.29"]
[Round "1"]
[White "Pedersen, Jan"]
[Black "Rewitz, Poul"]
[Result "1/2-1/2"]
[WhiteElo "2316"]
[BlackElo "2291"]
[PlyCount "136"]
[EventDate "1994.??.??"]

1. e4 e6 2. d4 d5 3. Nc3 dxe4 4. Nxe4 Nd7 5. Nf3 Ngf6 6. Nxf6+ Nxf6 7. Bg5 Be7
8. Bd3 b6 9. Bb5+ Bd7 10. Qe2 Bxb5 11. Qxb5+ Qd7 12. Qxd7+ Nxd7 13. Bxe7 Kxe7
14. O-O-O c6 15. Rhe1 Rhd8 16. Rd3 Rac8 17. a4 f6 18. Rde3 Nf8 19. a5 c5 20.
axb6 axb6 21. dxc5 Rxc5 22. Ra3 g5 23. Nd2 h5 24. Ra6 Rc6 25. Nb3 Rcd6 26. c3
Ng6 27. Nd4 Ne5 28. Kc2 Kf7 29. Re2 Nc4 30. Ra7+ Kg6 31. Rxe6 Rxe6 32. Rg7+
Kxg7 33. Nxe6+ Kg6 34. Nxd8 h4 35. Nc6 Kf5 36. b3 Nd6 37. Kd3 Ne4 38. Nd4+ Ke5
39. f3 Nc5+ 40. Ke3 f5 41. b4 Na4 42. Kd2 Nb2 43. Nc6+ Kd5 44. Ne7+ Ke5 45. f4+
Kxf4 46. Nd5+ Ke4 47. Nxb6 f4 48. c4 Nd3 49. Nd5 Kd4 50. b5 Kxc4 51. b6 Nc5 52.
Nc7 g4 53. Ke2 Nb7 54. Ne6 h3 55. gxh3 gxh3 56. Kf3 Kb5 57. Kxf4 Kxb6 58. Ng5
Kc6 59. Ke5 Kd7 60. Kf6 Ke8 61. Kg7 Nd6 62. Nxh3 Nf5+ 63. Kf6 Ne3 64. Nf2 Kf8
65. h4 Kg8 66. Kg5 Nc4 67. h5 Nd6 68. Ng4 Kg7 1/2-1/2

[Event "Kandidatklassen 1994"]
[Site "Aalborg"]
[Date "1994.03.29"]
[Round "1"]
[White "Pedersen, Nicolai Vesterbaek"]
[Black "Hansen, Carsten"]
[Result "1-0"]
[WhiteElo "2333"]
[BlackElo "2317"]
[PlyCount "81"]
[EventDate "1994.??.??"]

1. e4 c5 2. d4 cxd4 3. c3 Nf6 4. e5 Nd5 5. Nf3 e6 6. cxd4 d6 7. Bc4 Nb6 8. Bb3
Nc6 9. Qe2 dxe5 10. dxe5 Be7 11. O-O Qc7 12. Nc3 a6 13. Bf4 Nd7 14. Rac1 Nc5
15. Bc2 Qb6 16. Bb1 Bd7 17. Rfd1 Rd8 18. Ng5 Qb4 19. Nge4 Nxe4 20. Nxe4 Nd4 21.
Qg4 Nf5 22. Bg5 h5 23. Qf4 Qxb2 24. Bxe7 Kxe7 25. Rc2 Bc6 26. Nd6 Qb6 27. Nxf5+
exf5 28. Qg5+ Ke8 29. Rcd2 Rxd2 30. Qxd2 Qc7 31. Qg5 Ba4 32. Rc1 Bc6 33. Qxg7
Rf8 34. Rd1 Ba4 35. Rd6 Bc6 36. h3 Qa5 37. e6 Qb4 38. Qe5 f6 39. Rd8+ Kxd8 40.
e7+ Qxe7 41. Qb8+ 1-0

[Event "Kandidatklassen 1994"]
[Site "Aalborg"]
[Date "1994.03.29"]
[Round "1"]
[White "Pilgaard, Kim"]
[Black "Jacobsen, Bo"]
[Result "1-0"]
[WhiteElo "2348"]
[BlackElo "2279"]
[PlyCount "105"]
[EventDate "1994.??.??"]

1. e4 e5 2. Nf3 Nc6 3. Bb5 Nf6 4. O-O d6 5. d4 Bd7 6. d5 Nb8 7. Bd3 Be7 8. c4
Bg4 9. h3 Bxf3 10. Qxf3 Nbd7 11. Nc3 g6 12. Be3 Nh5 13. g3 Bg5 14. b4 O-O 15.
Kh2 a5 16. a3 Bxe3 17. Qxe3 f5 18. exf5 gxf5 19. f4 exf4 20. gxf4 Qh4 21. Rg1+
Kh8 22. Qd4+ Qf6 23. Qxf6+ Rxf6 24. Ne2 h6 25. Kg2 Nf8 26. Kf3 Ng6 27. c5 Nh4+
28. Kf2 Rf7 29. cxd6 cxd6 30. b5 Rc7 31. Rac1 Rc5 32. Rxc5 dxc5 33. b6 Rd8 34.
Bc4 Nf6 35. Nc3 Rd6 36. Rb1 Ng6 37. Ke3 Nd7 38. Na4 Ne7 39. Rb5 Nc8 40. Nxc5
Ndxb6 41. Nxb7 Nxc4+ 42. Kd4 Rd7 43. Kxc4 Rxb7 44. Rxb7 Nd6+ 45. Kc5 Nxb7+ 46.
Kc6 Nd8+ 47. Kd7 Nb7 48. d6 Kg7 49. Ke7 Kg6 50. d7 Kh5 51. Kf6 Kh4 52. Kxf5
Kxh3 53. Kg6 1-0

[Event "Kandidatklassen 1994"]
[Site "Aalborg"]
[Date "1994.03.29"]
[Round "1"]
[White "Strange, Mikkel"]
[Black "Holmsgaard, Henrik"]
[Result "1-0"]
[WhiteElo "2246"]
[BlackElo "2243"]
[PlyCount "87"]
[EventDate "1994.??.??"]

1. e4 c5 2. Nf3 e6 3. d4 cxd4 4. Nxd4 Nf6 5. Nc3 Nc6 6. Ndb5 d6 7. Bf4 e5 8.
Bg5 a6 9. Na3 b5 10. Nd5 Be7 11. Bxf6 Bxf6 12. c3 O-O 13. Nc2 Bg5 14. a4 bxa4
15. Rxa4 Rb8 16. Ncb4 Nxb4 17. Rxb4 Bb7 18. b3 a5 19. Rb5 Kh8 20. Bc4 f5 21.
exf5 Rxf5 22. O-O e4 23. Qd4 Bxd5 24. Rxd5 Rxd5 25. Qxd5 e3 26. fxe3 Bxe3+ 27.
Kh1 Bg5 28. Rf3 a4 29. bxa4 Bf6 30. Bd3 Qe7 31. Qf5 Qe1+ 32. Rf1 Qh4 33. a5 Rf8
34. g3 Qh6 35. a6 g6 36. Qf2 Qg5 37. a7 Qa5 38. c4 d5 39. cxd5 Kg7 40. Be4 Qa4
41. Bc2 Qa6 42. d6 Qb7+ 43. Kg1 Rf7 44. d7 1-0

[Event "Kandidatklassen 1994"]
[Site "Aalborg"]
[Date "1994.03.30"]
[Round "2"]
[White "Bank, Pelle Rodkjaer"]
[Black "Buch, Carsten"]
[Result "1-0"]
[WhiteElo "2274"]
[BlackElo "2260"]
[PlyCount "85"]
[EventDate "1994.??.??"]

1. e4 c5 2. Nf3 Nc6 3. Nc3 g6 4. Bb5 Bg7 5. O-O Nd4 6. a4 e6 7. d3 Ne7 8. Bg5
h6 9. Bh4 a6 10. Bc4 d6 11. h3 g5 12. Bg3 b6 13. Nh2 h5 14. f4 h4 15. Be1 gxf4
16. Rxf4 Ng6 17. Rf1 Ne5 18. Bd2 Bb7 19. Bf4 Qe7 20. Rb1 Bc6 21. Ba2 a5 22. Bc4
O-O-O 23. Qd2 Bf6 24. Ba6+ Kb8 25. Nb5 Bxb5 26. Bxb5 Rdg8 27. c3 Nxb5 28. axb5
Bg5 29. d4 Nc4 30. Qe2 Bxf4 31. Rxf4 Qg5 32. Rf2 d5 33. dxc5 bxc5 34. exd5 exd5
35. Re1 f6 36. Ng4 Re8 37. Qxe8+ Rxe8 38. Rxe8+ Kc7 39. Rxf6 Kd7 40. Ra8 Qc1+
41. Kh2 Qxb2 42. Ra7+ Ke8 43. Rff7 1-0

[Event "Kandidatklassen 1994"]
[Site "Aalborg"]
[Date "1994.03.30"]
[Round "2"]
[White "Boe, Mads"]
[Black "Holmsgaard, Henrik"]
[Result "1/2-1/2"]
[WhiteElo "2366"]
[BlackElo "2243"]
[PlyCount "49"]
[EventDate "1994.??.??"]

1. e4 c5 2. c3 d5 3. exd5 Qxd5 4. d4 Nf6 5. Nf3 e6 6. Be3 Ng4 7. Bd3 Nxe3 8.
fxe3 Be7 9. O-O Nc6 10. Nbd2 O-O 11. Qe2 Qd7 12. Ne4 b6 13. Rad1 Qc7 14. Qf2 h6
15. Ng3 Bb7 16. Nh5 Rad8 17. Ne5 Bd6 18. Nxc6 Bxc6 19. Qh4 f5 20. Qh3 g6 21.
Nf4 Bxf4 22. Rxf4 Kg7 23. Rff1 Rf7 24. Bc4 Bd5 25. Bxd5 1/2-1/2

[Event "Kandidatklassen 1994"]
[Site "Aalborg"]
[Date "1994.03.30"]
[Round "2"]
[White "Borbjerggaard, Lars"]
[Black "Jepsen, Thomas Stausholm"]
[Result "1/2-1/2"]
[WhiteElo "2290"]
[BlackElo "2201"]
[PlyCount "87"]
[EventDate "1994.??.??"]

1. d4 f5 2. Nc3 Nf6 3. Bg5 g6 4. Qd2 Bg7 5. f3 d5 6. O-O-O Nc6 7. Nh3 Be6 8. e3
a6 9. Nf4 Bf7 10. Nd3 h6 11. Bh4 g5 12. Bf2 Nd7 13. h4 Nb6 14. Nc5 Na5 15. hxg5
Nbc4 16. Qd3 b6 17. Nb3 Nxb3+ 18. axb3 Nd6 19. gxh6 Rxh6 20. Be2 Kd7 21. e4 Qh8
22. Rxh6 Bxh6+ 23. Kb1 fxe4 24. fxe4 Qg7 25. e5 Nb5 26. Nxb5 axb5 27. Qxb5+ Kc8
28. Qc6 Kb8 29. e6 Qg6 30. Qxd5 Bxe6 31. Qd8+ Bc8 32. Bf3 Ra7 33. Qxe7 Bg5 34.
Qe4 Bf5 35. Qc6 Bxc2+ 36. Qxc2 Ra1+ 37. Kxa1 Qxc2 38. Be1 Qxb3 39. Bc3 Bf6 40.
Re1 Ka7 41. Kb1 Qb5 42. Kc2 c5 43. dxc5 Qxc5 44. Kb3 1/2-1/2

[Event "Kandidatklassen 1994"]
[Site "Aalborg"]
[Date "1994.03.30"]
[Round "2"]
[White "Christiansen, Jens Jorgen"]
[Black "Strange, Mikkel"]
[Result "0-1"]
[WhiteElo "2232"]
[BlackElo "2246"]
[PlyCount "102"]
[EventDate "1994.??.??"]

1. d4 f5 2. g3 Nf6 3. Bg2 d6 4. Nh3 e5 5. dxe5 dxe5 6. Qxd8+ Kxd8 7. e4 h6 8.
exf5 c6 9. Nd2 Bxf5 10. Nc4 Nbd7 11. Ne3 Bh7 12. Bd2 Ne4 13. Bxe4 Bxe4 14. Rf1
Bc5 15. f3 Bxe3 16. fxe4 Bxd2+ 17. Kxd2 Nf6 18. Nf2 Ke7 19. Ke3 Rhd8 20. Rad1
c5 21. c3 c4 22. g4 g5 23. h3 Rxd1 24. Rxd1 Ke6 25. b4 a5 26. Rb1 b5 27. bxa5
Rxa5 28. Rb2 Kd6 29. Kd2 Kc5 30. Kc1 Nd7 31. Nd1 Nb6 32. Ne3 Na4 33. Rc2 Ra7
34. Kd2 Rd7+ 35. Nd5 Nb6 36. Ke3 Nxd5+ 37. exd5 Rxd5 38. Ke4 Kd6 39. Rf2 Rd3
40. Rf6+ Kc5 41. Rxh6 Rxc3 42. Rh5 Rc1 43. Rxg5 Re1+ 44. Kf3 Kd4 45. Rg8 Re3+
46. Kg2 c3 47. Rd8+ Ke4 48. Rc8 b4 49. g5 Re2+ 50. Kg3 Rxa2 51. g6 Ra6 0-1

[Event "Kandidatklassen 1994"]
[Site "Aalborg"]
[Date "1994.03.30"]
[Round "2"]
[White "Hjorth, Torben"]
[Black "Pedersen, Henrik Bolding"]
[Result "1-0"]
[WhiteElo "2222"]
[BlackElo "2182"]
[PlyCount "51"]
[EventDate "1994.??.??"]

1. e4 c5 2. Nf3 Nc6 3. d4 cxd4 4. Nxd4 Nf6 5. Nc3 e6 6. g3 d5 7. exd5 Nxd5 8.
Nxc6 bxc6 9. Bg2 Ba6 10. a3 Qb6 11. Qf3 Be7 12. Bf1 Bxf1 13. Kxf1 O-O 14. Kg2
Rad8 15. Re1 Nxc3 16. Qxc3 Bf6 17. Qf3 Rd5 18. Rb1 Rfd8 19. Be3 Qa5 20. c4 Rd3
21. Qxc6 Bxb2 22. Red1 Rxd1 23. Rxd1 Bxa3 24. Bb6 axb6 25. Rxd8+ Bf8 26. Qd6
1-0

[Event "Kandidatklassen 1994"]
[Site "Aalborg"]
[Date "1994.03.30"]
[Round "2"]
[White "Isaksen, Brian"]
[Black "Andersen, Frank"]
[Result "0-1"]
[WhiteElo "2214"]
[BlackElo "2167"]
[PlyCount "112"]
[EventDate "1994.??.??"]

1. e4 g6 2. d4 Bg7 3. Nc3 c6 4. Nf3 d6 5. a4 Bg4 6. Be2 Nd7 7. Be3 e5 8. dxe5
Bxf3 9. Bxf3 dxe5 10. a5 Bf8 11. Qe2 Bb4 12. a6 b5 13. O-O Qe7 14. Rfd1 Ngf6
15. Bg5 h6 16. Be3 Kf8 17. Na2 Bc5 18. b4 Bxe3 19. Qxe3 Nb8 20. Qa3 Kg7 21. Qa5
Rc8 22. Nc1 c5 23. Qxb5 cxb4 24. Qb7 Nc6 25. Qxe7 Nxe7 26. Nd3 Rab8 27. Ra4
Rxc2 28. Rxb4 Rxb4 29. Nxb4 Rc4 30. Nd5 Nc6 31. Ra1 Nxe4 32. Bxe4 Rxe4 33. f3
Rd4 34. Nc7 Rc4 35. Rb1 Rb4 36. Rc1 Nd4 37. Rc5 f6 38. Nd5 Rb1+ 39. Kf2 Ne6 40.
Rc6 Kf7 41. Kg3 f5 42. h4 Rd1 43. Nc7 Nd4 44. Rc5 f4+ 45. Kf2 Rd2+ 46. Kf1 Rc2
47. Rxc2 Nxc2 48. Nb5 Nb4 49. Nxa7 Nxa6 50. g4 Nb4 51. Nb5 Ke6 52. Nc3 Nd5 53.
Ne4 Nf6 54. Nf2 Kd5 55. Ke2 Kd4 56. Nh3 Nd5 0-1

[Event "Kandidatklassen 1994"]
[Site "Aalborg"]
[Date "1994.03.30"]
[Round "2"]
[White "Jacobsen, Bo"]
[Black "Wilton, Lars"]
[Result "1-0"]
[WhiteElo "2279"]
[BlackElo "2208"]
[PlyCount "73"]
[EventDate "1994.??.??"]

1. c4 e5 2. g3 Nf6 3. Nc3 c6 4. Nf3 e4 5. Nd4 d5 6. cxd5 Qb6 7. Nb3 cxd5 8. Bg2
Bf5 9. O-O d4 10. Nb1 Be7 11. d3 exd3 12. Re1 O-O 13. e4 Be6 14. Qxd3 Nc6 15.
Na3 Rfd8 16. Bd2 Ne5 17. Qb5 Bxb3 18. Qxe5 Be6 19. Ba5 Qxb2 20. Bxd8 Rxd8 21.
Nc4 Qb4 22. Rec1 Bxc4 23. Rab1 Ng4 24. Qf4 Qa4 25. Qxg4 b5 26. Bf1 d3 27. Rd1
Bxa2 28. Ra1 Bf6 29. Rxd3 Rxd3 30. Bxd3 g6 31. Re1 Kg7 32. Qd7 a6 33. e5 Bg5
34. e6 Qb4 35. Qxf7+ Kh6 36. Re4 Qe7 37. h4 1-0

[Event "Kandidatklassen 1994"]
[Site "Aalborg"]
[Date "1994.03.30"]
[Round "2"]
[White "Johansen, Morten"]
[Black "Rasmussen, Peter"]
[Result "1-0"]
[WhiteElo "2160"]
[BlackElo "2325"]
[PlyCount "64"]
[EventDate "1994.??.??"]

1. e4 e6 2. d4 d5 3. exd5 exd5 4. Bd3 Nf6 5. Nf3 Bd6 6. O-O O-O 7. Bg5 Bg4 8.
Nbd2 Nbd7 9. c3 c6 10. Qc2 Qa5 11. Ne5 h6 12. Bh4 Bxe5 13. dxe5 Nxe5 14. Bxf6
gxf6 15. Bf5 Bxf5 16. Qxf5 Ng6 17. Ne4 Qd8 18. Nxf6+ Kg7 19. Nh5+ Kh8 20. f4
Qd6 21. Rae1 Rad8 22. Re2 Rd7 23. Rfe1 Re7 24. h3 Rfe8 25. Rxe7 Rxe7 26. Qc8+
Kh7 27. Rf1 Qe6 28. Qd8 Qe3+ 29. Kh2 Qe6 30. f5 Qe5+ 31. Ng3 Nh4 32. Qf8 f6 1-0

[Event "Kandidatklassen 1994"]
[Site "Aalborg"]
[Date "1994.03.30"]
[Round "2"]
[White "Nordenbaek, Jan"]
[Black "Jensen, Jacob Bjerre"]
[Result "0-1"]
[WhiteElo "2227"]
[BlackElo "2184"]
[PlyCount "68"]
[EventDate "1994.??.??"]

1. e4 c6 2. d4 g6 3. Nc3 Bg7 4. Nf3 d5 5. h3 Nh6 6. Bf4 f6 7. exd5 cxd5 8. Nb5
Na6 9. c4 O-O 10. cxd5 Qxd5 11. Qd2 g5 12. Rc1 Qe4+ 13. Be3 Qg6 14. h4 Qh5 15.
hxg5 Qxh1 16. gxh6 Bh8 17. d5 Bd7 18. d6 e6 19. a4 Rac8 20. Rxc8 Rxc8 21. Nxa7
Ra8 22. b3 f5 23. Qa5 Bf6 24. Ne5 Nb8 25. Nxd7 Nxd7 26. Qc7 Rd8 27. Qxb7 Bc3+
28. Ke2 Qh5+ 29. f3 Qh4 30. Bf2 Qxh6 31. Be3 Qh4 32. Bf2 Qf4 33. Be3 Qg3 34.
Bf2 Qe5+ 0-1

[Event "Kandidatklassen 1994"]
[Site "Aalborg"]
[Date "1994.03.30"]
[Round "2"]
[White "Pedersen, Daniel Vesterbaek"]
[Black "Aagaard, Jacob"]
[Result "1/2-1/2"]
[WhiteElo "2253"]
[BlackElo "2275"]
[PlyCount "32"]
[EventDate "1994.??.??"]

1. e4 e5 2. Nf3 Nc6 3. d4 exd4 4. Nxd4 Nf6 5. Nc3 Bb4 6. Nxc6 bxc6 7. Bd3 d5 8.
exd5 cxd5 9. O-O O-O 10. Bg5 c6 11. Na4 Re8 12. c4 Bd6 13. Rc1 Rb8 14. b3 h6
15. Bh4 Be6 16. cxd5 cxd5 1/2-1/2

[Event "Kandidatklassen 1994"]
[Site "Aalborg"]
[Date "1994.03.30"]
[Round "2"]
[White "Pilgaard, Kim"]
[Black "Kjeldsen, Jens"]
[Result "0-1"]
[WhiteElo "2348"]
[BlackElo "2371"]
[PlyCount "78"]
[EventDate "1994.??.??"]

1. e4 c5 2. Nf3 e6 3. d4 cxd4 4. Nxd4 Nf6 5. Nc3 Nc6 6. Ndb5 d6 7. Bf4 e5 8.
Bg5 a6 9. Na3 b5 10. Bxf6 gxf6 11. Nd5 Bg7 12. Bd3 Ne7 13. Nxe7 Qxe7 14. c4 f5
15. O-O O-O 16. Re1 fxe4 17. Bxe4 Rb8 18. cxb5 axb5 19. Qd3 f5 20. Bd5+ Kh8 21.
Nxb5 e4 22. Qb3 Be5 23. a4 Qh4 24. g3 Qh3 25. Qc4 Ba6 26. Qe2 f4 27. Rad1 e3
28. Bg2 exf2+ 29. Qxf2 Qh6 30. g4 Bxb5 31. axb5 Rxb5 32. Re2 f3 33. Bxf3 Rb3
34. Rf1 Rbxf3 35. Qxf3 Rxf3 36. Rxf3 Qc1+ 37. Rf1 Qc4 38. Rg2 Bd4+ 39. Kh1
Qxf1+ 0-1

[Event "Kandidatklassen 1994"]
[Site "Aalborg"]
[Date "1994.03.31"]
[Round "3"]
[White "Aagaard, Jacob"]
[Black "Molvig, Henrik"]
[Result "1-0"]
[WhiteElo "2275"]
[BlackElo "2201"]
[PlyCount "61"]
[EventDate "1994.??.??"]

1. e4 c6 2. d4 d5 3. Nc3 dxe4 4. Nxe4 Bf5 5. Nc5 Qb6 6. g4 Bg6 7. f4 e6 8. Qe2
Be7 9. h4 Bxc5 10. dxc5 Qb4+ 11. c3 Qe4 12. Bg2 Qxe2+ 13. Nxe2 h5 14. f5 exf5
15. g5 Nd7 16. Be3 Ne7 17. O-O-O O-O-O 18. Nf4 Ne5 19. Bd4 Ng4 20. Bxg7 Rxd1+
21. Rxd1 Rd8 22. Bd4 Rd7 23. b4 a6 24. a4 Kd8 25. Re1 Rc7 26. Kc2 Rd7 27. Re2
Rc7 28. Kb3 Bh7 29. Nxh5 Ng6 30. Bf3 Re7 31. Bxg4 1-0

[Event "Kandidatklassen 1994"]
[Site "Aalborg"]
[Date "1994.03.31"]
[Round "3"]
[White "Andersen, Frank"]
[Black "Rewitz, Poul"]
[Result "0-1"]
[WhiteElo "2167"]
[BlackElo "2291"]
[PlyCount "125"]
[EventDate "1994.??.??"]

1. d4 d5 2. Nf3 Nc6 3. c4 e5 4. cxd5 Qxd5 5. Nc3 Bb4 6. Bd2 Bxc3 7. Bxc3 e4 8.
Nd2 e3 9. fxe3 Nf6 10. Qb3 Be6 11. Qxb7 Nxd4 12. Qxd5 Nc2+ 13. Kf2 Nxd5 14.
Bxg7 Rg8 15. Rc1 Ndxe3 16. Rxc2 Nxc2 17. Bc3 Bxa2 18. e3 Rb8 19. Bd3 Bd5 20. e4
Nb4 21. Bxb4 Rxb4 22. exd5 Rxb2 23. Re1+ Kd8 24. Re2 Rg5 25. Be4 Re5 26. Bf3
Rxe2+ 27. Kxe2 a5 28. Kd3 a4 29. Kc3 Rb5 30. Bd1 Rxd5 31. Bxa4 Rg5 32. g3 Rh5
33. h4 f5 34. Nf3 Rh6 35. Ne5 Ke7 36. Nf3 Re6 37. Kd3 c5 38. Bb3 Re4 39. Nd2
Rg4 40. Nf1 Kd6 41. Ke3 Re4+ 42. Kf3 Ke5 43. Ne3 Rb4 44. Bc2 h5 45. Nxf5 Rb2
46. Ne3 Kd4 47. Kf4 c4 48. g4 hxg4 49. h5 Rb8 50. h6 Rf8+ 51. Bf5 g3 52. h7 c3
53. Nc2+ Kd5 54. Kxg3 Ke5 55. Kg4 Kf6 56. Nd4 Re8 57. Ne2 Kg7 58. Nf4 Kh8 59.
Kg5 Rb8 60. Kh6 Rb6+ 61. Be6 Rxe6+ 62. Nxe6 c2 63. Ng5 0-1